| 000 | 01478nam a2200253 a 4500 | ||
|---|---|---|---|
| 001 | ASIN0521564352 | ||
| 005 | 20170105102902.0 | ||
| 008 | 131011s1997 xxu eng d | ||
| 020 |
_a0521564352 (paperback) _c$57.00 |
||
| 020 | _a9780521564359 (paperback) | ||
| 040 | _a0 | ||
| 050 | 0 | 4 | _aDU740.42 |
| 082 | 0 | 4 | _a306.0899912 |
| 100 | 1 | _aLipset, David. | |
| 245 | 1 | 0 |
_aMangrove man : _bdialogics of culture in the sepik estuary / _cDavid Lipset. |
| 260 |
_a[S.l.] : _bCambridge University Press, _c1997. |
||
| 300 |
_a358 p. ; _c23 cm. |
||
| 490 | 1 | _aCambridge studies in social and cultural anthropology. | |
| 520 | _aThe Murik of Papua New Guinea conceptualize women as the source of nurture, generosity and love. Men have political power, but their claim to sustain and reproduce society requires them to appropriate the nurturant qualities of women. So they must, in some sense, model certain aspects of themselves after women. A "maternal schema" or "poetics" of the female body, which underlines Murik sociocultural patterns, expresses itself in a range of societal domains. These issues tie in with some of the major contemporary debates in the social sciences, including the relationship between ideas of male and female power. | ||
| 650 | 0 | _aMurik (Papua New Guinean people) | |
| 830 | 0 | _aCambridge studies in social and cultural anthropology. | |
| 856 | 4 | 0 |
_3Amazon.com _uhttp://www.amazon.com/exec/obidos/ASIN/0521564352/chopaconline-20 |
| 942 |
_2ddc _cBK |
||
| 999 |
_c14697 _d14697 |
||